000 00501nam a2200181 i 4500
001 bg
245 0 _aFizika żidkogo sostojanija.
250 _aVyp. 4.
260 _aKiev :
_b"Visca Skola",
_c1976.
300 _as. 175, nlb. 1 :
_brys., tab.
500 _a[Alf. ros.].
040 _cBPK
041 _apol
080 _a532
942 _cKS
008 s pl f |000 0 pol
856 _uhttp://koha.tu.koszalin.pl/cgi-bin/koha/opac-detail.pl?biblionumber=17044
_yKatalog online BPK
999 _c17044
_d17044